[Event "74.Camp. Veneto Quarti di Finale"]
[Site "Correzzola (PD)"]
[Date "2014.05.09"]
[Round "1.4"]
[White "Basso, Pier Luigi"]
[Black "Mancin, Michele"]
[Result "1-0"]
[WhiteElo "2316"]
[BlackElo "1781"]
[Annotator "Gabriele Ballarin"]
[PlyCount "45"]
[EventDate "2014.05.09"]
[EventType "swiss"]
[EventRounds "5"]
[EventCountry "ITA"]

1. d4 Nf6 2. c4 e6 3. g3 Bb4+ 4. Bd2 Be7 5. Nf3 b6 6. Bg2 Bb7 7. Nc3 O-O 8. Qc2 c5 9. d5 exd5 10. Nh4 g6 11. cxd5 d6 12. O-O Re8 13. f4 Bf8 14. e4 Bg7 15. Rfe1 Na6 16. Rad1 Ng4 17. Nf3 Nc7 18. Bc1 b5 19. e5 b4 20. Ne4 Nb5 21. Bf1 Qb6 22. Bxb5 Qxb5 23. Nxd6 1-0

[Event "74.Camp. Veneto Quarti di Finale"]
[Site "Correzzola (PD)"]
[Date "2014.05.09"]
[Round "1.5"]
[White "Bergamasco, Tommaso"]
[Black "Xia, Jie"]
[Result "0-1"]
[WhiteElo "1777"]
[BlackElo "2303"]
[Annotator "Gabriele Ballarin"]
[PlyCount "56"]
[EventDate "2014.05.09"]
[EventType "swiss"]
[EventRounds "5"]
[EventCountry "ITA"]

1. e4 c5 2. Nf3 d6 3. Bb5+ Nd7 4. O-O Ngf6 5. Re1 a6 6. Bf1 g6 7. c3 Bg7 8. d4 O-O 9. e5 Ne8 10. Bg5 dxe5 11. dxe5 Nc7 12. Bc4 h6 13. Bh4 Nb6 14. Bxf7+ Kxf7 15. Qb3+ Ne6 16. Nbd2 Kg8 17. Rad1 Qc7 18. Ne4 Rf7 19. a4 a5 20. Rd2 Qc6 21. c4 Nxa4 22. Red1 Qxe4 23. Qxa4 Rxf3 24. Bxe7 Rf4 25. Qe8+ Kh7 26. g3 Nd4 27. Rxd4 cxd4 28. gxf4 Bh3 0-1

[Event "74.Camp. Veneto Quarti di Finale"]
[Site "Correzzola (PD)"]
[Date "2014.05.09"]
[Round "1.6"]
[White "Guerra, Alessandro"]
[Black "Penzo, Amleto"]
[Result "1-0"]
[WhiteElo "2214"]
[BlackElo "1774"]
[Annotator "Gabriele Ballarin"]
[PlyCount "81"]
[EventDate "2014.05.09"]
[EventType "swiss"]
[EventRounds "5"]
[EventCountry "ITA"]

1. e4 c5 2. Nf3 a6 3. c4 Nc6 4. d4 cxd4 5. Nxd4 Nxd4 6. Qxd4 d6 7. Nc3 Nf6 8. Bg5 Qa5 9. Qd2 Be6 10. f3 h6 11. Be3 g6 12. b4 Qc7 13. Rc1 Bg7 14. a4 Rc8 15. a5 Nd7 16. f4 Nf6 17. Be2 Qd7 18. Nd5 Bxd5 19. exd5 Ne4 20. Qd3 f5 21. O-O O-O 22. Bf3 Nf6 23. Rfd1 Kh7 24. c5 Qa4 25. Ra1 Qd7 26. Ra2 Ng4 27. Bd4 e5 28. dxe6 Qxe6 29. Re2 Bxd4+ 30. Qxd4 dxc5 31. Rxe6 cxd4 32. Re7+ Kh8 33. Bxb7 Rcd8 34. Bxa6 Ne3 35. Rd2 Nd5 36. Rb7 Ra8 37. Bf1 Rfb8 38. Rxb8+ Rxb8 39. b5 Nc3 40. b6 Ne4 41. Rxd4 1-0

[Event "74.Camp. Veneto Quarti di Finale"]
[Site "Correzzola (PD)"]
[Date "2014.05.09"]
[Round "1.7"]
[White "Belloni, Umberto"]
[Black "De Bortoli, Peter"]
[Result "0-1"]
[WhiteElo "1757"]
[BlackElo "2183"]
[Annotator "Gabriele Ballarin"]
[PlyCount "72"]
[EventDate "2014.05.09"]
[EventType "swiss"]
[EventRounds "5"]
[EventCountry "ITA"]

1. d4 d5 2. c3 Bf5 3. Qb3 Nf6 4. Bg5 Nbd7 5. Bxf6 Nxf6 6. Nd2 g6 7. Ngf3 Bg7 8. Nh4 Qc8 9. e3 O-O 10. Be2 Bg4 11. Nhf3 c5 12. O-O Ne4 13. Qd1 Nxd2 14. Qxd2 Rd8 15. b4 b6 16. a4 Qc7 17. a5 cxb4 18. cxb4 Rab8 19. Rfc1 Qd6 20. axb6 Qxb6 21. b5 Bd7 22. Ra6 Qb7 23. Rca1 Ra8 24. g3 Rdc8 25. Ne1 e5 26. f4 exd4 27. exd4 Bxb5 28. Bxb5 Qxb5 29. R1a5 Qb1 30. Rxd5 Rc1 31. Kf2 Rb8 32. Ra2 Rxe1 33. Kg2 Qe4+ 34. Kh3 Qe6+ 35. f5 gxf5 36. Qg2 Qh6# 0-1

[Event "74.Camp. Veneto Quarti di Finale"]
[Site "Correzzola (PD)"]
[Date "2014.05.09"]
[Round "1.8"]
[White "Boraso, Alessio"]
[Black "Scarsella, Federico Armando"]
[Result "1-0"]
[WhiteElo "2159"]
[BlackElo "1718"]
[Annotator "Gabriele Ballarin"]
[PlyCount "105"]
[EventDate "2014.05.09"]
[EventType "swiss"]
[EventRounds "5"]
[EventCountry "ITA"]

1. c4 c5 2. g3 Nc6 3. Bg2 g6 4. Nc3 Bg7 5. d3 Nf6 6. a3 O-O 7. Rb1 b6 8. b4 cxb4 9. axb4 Bb7 10. Bd2 d6 11. Nh3 e5 12. O-O Qd7 13. Qa4 Nd8 14. Qxd7 Nxd7 15. Ne4 Bxe4 16. Bxe4 Rc8 17. Ra1 Rc7 18. Ra2 Ne6 19. Be3 Nf6 20. Bg2 Rd8 21. Ng5 Ng4 22. Nxe6 fxe6 23. Bh3 h5 24. Bg5 Re8 25. Rfa1 e4 26. Rxa7 Bxa1 27. Rxc7 exd3 28. Bxg4 hxg4 29. exd3 Ra8 30. Rc6 Bd4 31. Rxd6 Ra1+ 32. Kg2 e5 33. Be3 Bxe3 34. fxe3 Ra2+ 35. Kg1 Ra1+ 36. Kf2 Ra2+ 37. Ke1 Ra1+ 38. Kd2 Ra2+ 39. Kc3 Kf7 40. Rxb6 Rxh2 41. b5 Rh3 42. Ra6 Ke7 43. b6 Kd7 44. b7 Kc7 45. Rb6 Kb8 46. c5 g5 47. c6 Rh8 48. c7+ Kxc7 49. b8=Q+ Rxb8 50. Rxb8 Kxb8 51. Kc4 Kc7 52. Kd5 e4 53. Kxe4 1-0

[Event "74.Camp. Veneto Quarti di Finale"]
[Site "Correzzola (PD)"]
[Date "2014.05.09"]
[Round "1.9"]
[White "De Marchi, Alessandro"]
[Black "Zamengo, Fulvio"]
[Result "0-1"]
[WhiteElo "1713"]
[BlackElo "2158"]
[Annotator "Gabriele Ballarin"]
[PlyCount "72"]
[EventDate "2014.05.09"]
[EventType "swiss"]
[EventRounds "5"]
[EventCountry "ITA"]

1. e4 c5 2. Nc3 Nc6 3. g3 g6 4. Bg2 Bg7 5. Nge2 h5 6. h3 e6 7. d3 Nge7 8. Bg5 Rb8 9. a4 a6 10. O-O d6 11. f4 Qc7 12. f5 exf5 13. exf5 Bxf5 14. Nf4 Qd7 15. Ncd5 Nxd5 16. Nxd5 O-O 17. Nf6+ Bxf6 18. Bxf6 Qe6 19. Bc3 Bxh3 20. Qd2 Bxg2 21. Qxg2 Qe3+ 22. Kh1 Ne5 23. Rae1 Qg5 24. Bd2 Qg4 25. Re4 Qd7 26. b3 f5 27. Re2 Rbe8 28. Qd5+ Rf7 29. Rfe1 Qc6 30. Qxc6 bxc6 31. c3 Rb8 32. d4 cxd4 33. cxd4 Nf3 34. Re8+ Rf8 35. Rxf8+ Rxf8 36. Bh6 Nxe1 0-1

[Event "74.Camp. Veneto Quarti di Finale"]
[Site "Correzzola (PD)"]
[Date "2014.05.09"]
[Round "1.10"]
[White "Negro, Roberto"]
[Black "Tencheni, Maurizio"]
[Result "1-0"]
[WhiteElo "2155"]
[BlackElo "1700"]
[Annotator "Gabriele Ballarin"]
[PlyCount "89"]
[EventDate "2014.05.09"]
[EventType "swiss"]
[EventRounds "5"]
[EventCountry "ITA"]

1. c4 b6 2. Nc3 Bb7 3. e4 e6 4. Nge2 c5 5. g3 d6 6. Bg2 Nd7 7. O-O Ngf6 8. d3 Be7 9. e5 Bxg2 10. exf6 Bxf1 11. fxe7 Qxe7 12. Qxf1 Ne5 13. f4 Nc6 14. Qf3 Qd7 15. Bd2 O-O 16. Rf1 f5 17. g4 Ne7 18. Ng3 Rae8 19. gxf5 Nxf5 20. Nxf5 Rxf5 21. Ne4 d5 22. cxd5 exd5 23. Ng3 Rf7 24. Bc3 d4 25. Bd2 Qb5 26. b3 Qa6 27. a4 Qc8 28. Ne4 Qd7 29. Be1 Ref8 30. Bg3 Rf5 31. Qg2 Kh8 32. Re1 Qd5 33. Nd2 Qf7 34. Nc4 Rf6 35. Qe4 Kg8 36. Kg2 a6 37. Re2 b5 38. axb5 axb5 39. Ne5 Qe7 40. Qd5+ Qe6 41. Qxc5 Rxf4 42. Bxf4 Rxf4 43. Qxb5 Rg4+ 44. Kh1 Rf4 45. Qc4 1-0

[Event "74.Camp. Veneto Quarti di Finale"]
[Site "Correzzola (PD)"]
[Date "2014.05.09"]
[Round "1.11"]
[White "Di Girolamo, Enrico"]
[Black "Lodici, Lorenzo"]
[Result "0-1"]
[WhiteElo "1697"]
[BlackElo "2134"]
[Annotator "Gabriele Ballarin"]
[PlyCount "65"]
[EventDate "2014.05.09"]
[EventType "swiss"]
[EventRounds "5"]
[EventCountry "ITA"]

1. d4 f5 2. c4 Nf6 3. Nc3 d6 4. Nf3 g6 5. e3 Bg7 6. Be2 O-O 7. Rb1 c6 8. O-O Qc7 9. d5 e5 10. dxe6 Bxe6 11. Nd4 Bf7 12. b3 Nbd7 13. Bb2 Rad8 14. Rc1 Ne5 15. Nf3 h6 16. Qc2 Be6 17. Rfd1 Nxf3+ 18. Bxf3 g5 19. g3 Nd7 20. Ne2 Ne5 21. Bg2 Bf7 22. Nd4 Bh5 23. Ne6 Bxd1 24. Rxd1 Qf7 25. Nxd8 Rxd8 26. Ba3 Qe6 27. e4 f4 28. f3 g4 29. gxf4 gxf3 30. Bh1 Rf8 31. h3 f2+ 32. Kg2 Nf3 33. Bb4 0-1

[Event "74.Camp. Veneto Quarti di Finale"]
[Site "Correzzola (PD)"]
[Date "2014.05.09"]
[Round "1.12"]
[White "Cardarelli, Angelo"]
[Black "Benetti, Lorenzo"]
[Result "1-0"]
[WhiteElo "2030"]
[BlackElo "1686"]
[Annotator "Gabriele Ballarin"]
[PlyCount "109"]
[EventDate "2014.05.09"]
[EventType "swiss"]
[EventRounds "5"]
[EventCountry "ITA"]

1. Nf3 f5 2. c4 Nf6 3. g3 d6 4. Bg2 g6 5. Nc3 Bg7 6. O-O O-O 7. d3 e5 8. Rb1 Nh5 9. Bg5 Qe8 10. Nd5 Rf7 11. Qd2 c6 12. Nc3 f4 13. Ne4 Qf8 14. Nh4 Bh8 15. b4 Kg7 16. h3 h6 17. g4 hxg5 18. Nxg5 Nf6 19. Nxf7 Qxf7 20. Nf3 Qe7 21. e3 fxe3 22. Qxe3 Nbd7 23. d4 e4 24. Ng5 d5 25. f3 dxc4 26. fxe4 Nb6 27. Qg3 Kg8 28. Qh4 Be6 29. e5 Nfd5 30. Rf7 Bxf7 31. Qh7+ Kf8 32. Qxh8+ Bg8 33. Rf1+ Ke8 34. Qxg8+ Kd7 35. Qxg6 Rf8 36. e6+ Kc7 37. Rxf8 Qxf8 38. Qf7+ Qe7 39. Be4 Kd6 40. Qxe7+ Kxe7 41. a3 c3 42. Kf2 Nc4 43. Ke2 Nxa3 44. Bxd5 cxd5 45. Kd3 Nb5 46. h4 b6 47. h5 Nxd4 48. Kxc3 Nxe6 49. Nxe6 Kxe6 50. h6 Kf7 51. b5 Kg6 52. g5 Kh7 53. Kd4 a5 54. bxa6 b5 55. a7 1-0

[Event "74.Camp. Veneto Quarti di Finale"]
[Site "Correzzola (PD)"]
[Date "2014.05.09"]
[Round "1.13"]
[White "Desideri, Leonardo"]
[Black "Pegoraro, Nicola"]
[Result "0-1"]
[WhiteElo "1671"]
[BlackElo "1999"]
[Annotator "Gabriele Ballarin"]
[PlyCount "144"]
[EventDate "2014.05.09"]
[EventType "swiss"]
[EventRounds "5"]
[EventCountry "ITA"]

1. e4 c5 2. Nf3 d6 3. d3 Nf6 4. g3 Nc6 5. Bg2 e6 6. O-O Be7 7. Re1 O-O 8. Nbd2 Qc7 9. Nf1 b6 10. h4 Bb7 11. N1h2 Rad8 12. c3 Ne5 13. Bf4 c4 14. Bf1 Nxd3 15. Bxd3 cxd3 16. Qxd3 e5 17. Bg5 d5 18. Bxf6 Bxf6 19. exd5 Rxd5 20. Qe3 Rfd8 21. Qe2 Qc6 22. Qe4 Qc7 23. Qe2 h5 24. Rad1 Qd7 25. Rxd5 Qxd5 26. c4 Qc6 27. b4 e4 28. b5 exf3 29. bxc6 fxe2 30. cxb7 Rb8 31. Rxe2 $11 Rxb7 32. Kf1 Rc7 33. Rc2 Be7 34. Ke2 g6 35. Nf1 Bc5 36. Ne3 Re7 37. Kf3 Bxe3 38. fxe3 Rc7 39. Kf4 Kg7 40. e4 Kf6 41. e5+ Ke6 42. Ke4 Rc5 43. Kd4 Rxe5 44. Rf2 Re1 45. Rg2 f5 46. Rb2 Re4+ 47. Kd3 Rg4 48. Re2+ Kd6 49. Re3 a5 50. a3 f4 51. gxf4 Rxf4 52. Rg3 Rg4 53. Rh3 Kc5 54. Rf3 Rd4+ 55. Ke3 Rxh4 56. Rg3 Rg4 57. Rf3 Kxc4 58. Rf6 b5 59. Rc6+ Kb3 60. Rb6 b4 61. axb4 axb4 62. Rf6 h4 63. Ke2 Rg3 64. Kf1 g5 65. Rb6 Kc3 66. Rc6+ Kb2 67. Rb6 b3 68. Ra6 Kb1 69. Re6 b2 70. Ke2 h3 71. Kd2 h2 72. Re1+ Ka2 0-1

[Event "74.Camp. Veneto Quarti di Finale"]
[Site "Correzzola (PD)"]
[Date "2014.05.09"]
[Round "1.14"]
[White "Rigo, Gianfrancesco"]
[Black "Aprile, Massimo"]
[Result "1-0"]
[WhiteElo "1991"]
[BlackElo "1618"]
[Annotator "Gabriele Ballarin"]
[PlyCount "45"]
[EventDate "2014.05.09"]
[EventType "swiss"]
[EventRounds "5"]
[EventCountry "ITA"]

1. e4 d6 2. d4 Nf6 3. Nc3 c6 4. Nf3 Nbd7 5. Bd3 g6 6. O-O Bg7 7. Re1 O-O 8. h3 Re8 9. e5 dxe5 10. dxe5 Nd5 11. Nxd5 cxd5 12. Bf4 Nc5 13. Bb5 Bd7 14. Qxd5 Bxb5 15. Qxc5 Bc6 16. Rad1 Qc7 17. Nd4 Rec8 18. Nxc6 Qxc6 19. Qxc6 Rxc6 20. c3 e6 21. Rd7 Rb8 22. Red1 a6 23. Rd8+ 1-0

[Event "74.Camp. Veneto Quarti di Finale"]
[Site "Correzzola (PD)"]
[Date "2014.05.09"]
[Round "1.15"]
[White "Barbetta, Cosimo"]
[Black "Litrico, Paolo"]
[Result "0-1"]
[WhiteElo "1614"]
[BlackElo "1979"]
[Annotator "Gabriele Ballarin"]
[PlyCount "64"]
[EventDate "2014.05.09"]
[EventType "swiss"]
[EventRounds "5"]
[EventCountry "ITA"]

1. e4 e5 2. Nf3 Nc6 3. c3 Nf6 4. d3 a5 5. Be2 Bc5 6. O-O d6 7. h3 Bb6 8. d4 Nxe4 9. d5 Ne7 10. Qa4+ c6 11. Qxe4 cxd5 12. Qc2 O-O 13. Qd1 Qe8 14. Be3 Bc7 15. Na3 Bd7 16. Qb3 Bc6 17. Qd1 f5 18. Nh2 f4 19. Bc1 Qg6 20. Bb5 Rf5 21. Bxc6 bxc6 22. Nf3 Rh5 23. Kh2 Nf5 24. Rg1 e4 25. Nd4 f3 26. g4 Rg5 27. Bxg5 Nxd4 28. Qxd4 Qxg5 29. c4 dxc4 30. Kh1 d5 31. Nxc4 Qh4 32. Rg3 Bxg3 0-1

[Event "74.Camp. Veneto Quarti di Finale"]
[Site "Correzzola (PD)"]
[Date "2014.05.09"]
[Round "1.16"]
[White "Zamengo, Bruno"]
[Black "Scarsella, Lorenzo Luigi"]
[Result "1-0"]
[WhiteElo "1949"]
[BlackElo "1602"]
[Annotator "Gabriele Ballarin"]
[PlyCount "59"]
[EventDate "2014.05.09"]
[EventType "swiss"]
[EventRounds "5"]
[EventCountry "ITA"]

1. e4 e5 2. Nf3 Nc6 3. Bb5 a6 4. Ba4 Bc5 5. c3 b5 6. Bb3 f5 7. O-O Nf6 8. d4 exd4 9. cxd4 Be7 10. exf5 d5 11. Ne5 Na5 12. Bc2 O-O 13. Nd2 Bd6 14. b3 c5 15. Ndf3 Qc7 16. Bb2 c4 17. Rc1 c3 18. Bb1 b4 19. a3 Ne4 20. axb4 Bxb4 21. Nd3 Qb6 22. Nxb4 Qxb4 23. Bxe4 cxb2 24. Bxd5+ Kh8 25. Bxa8 bxc1=Q 26. Qxc1 Bxf5 27. Bd5 Rc8 28. Qg5 Bd3 29. Ne5 Bxf1 30. Ng6+ 1-0

[Event "74.Camp. Veneto Quarti di Finale"]
[Site "Correzzola (PD)"]
[Date "2014.05.09"]
[Round "1.17"]
[White "Minei, Giovanni"]
[Black "Giuriato, Sergio"]
[Result "0-1"]
[WhiteElo "1546"]
[BlackElo "1946"]
[Annotator "Gabriele Ballarin"]
[PlyCount "106"]
[EventDate "2014.05.09"]
[EventType "swiss"]
[EventRounds "5"]
[EventCountry "ITA"]

1. d4 Nf6 2. Nf3 d5 3. e3 e6 4. Bd3 c5 5. c3 Nc6 6. Nbd2 Bd6 7. O-O O-O 8. Re1 e5 9. dxc5 Bxc5 10. e4 Qb6 11. Qe2 Be6 12. exd5 Bxd5 13. Nc4 Bxc4 14. Bxc4 e4 15. Ng5 Ne5 16. b4 Bxf2+ 17. Qxf2 Qxf2+ 18. Kxf2 Nxc4 19. Nxe4 Nd5 20. Rd1 Rad8 21. Bg5 f6 22. Bh4 Rfe8 23. Rd4 Nxc3 24. Rxd8 Nxe4+ 25. Kf3 Rxd8 26. Kxe4 Rd2 27. Kf3 Ne5+ 28. Ke4 Rxg2 29. Bg3 h5 30. Kd5 h4 31. Bxh4 Rxh2 32. Bg3 Re2 33. a4 Kf7 34. Rc1 Rd2+ 35. Ke4 Re2+ 36. Kd5 Nc6 37. b5 Ne7+ 38. Kc5 Ke6 39. Bb8 a6 40. bxa6 bxa6 41. Rb1 Rc2+ 42. Kb6 Rc4 43. a5 Nc6 44. Bg3 Rb4+ 45. Rxb4 Nxb4 46. Be1 Nd3 47. Bd2 g5 48. Kxa6 Kd7 49. Kb6 Kc8 50. Ka7 g4 51. Be3 f5 52. Kb6 f4 53. Bg1 g3 0-1

[Event "74.Camp. Veneto Quarti di Finale"]
[Site "Correzzola (PD)"]
[Date "2014.05.09"]
[Round "1.18"]
[White "Zanirato, Stefano"]
[Black "Ronzani, Andrea"]
[Result "1/2-1/2"]
[WhiteElo "1916"]
[BlackElo "1537"]
[Annotator "Gabriele Ballarin"]
[PlyCount "44"]
[EventDate "2014.05.09"]
[EventType "swiss"]
[EventRounds "5"]
[EventCountry "ITA"]

1. e4 c5 2. Nf3 d6 3. Bb5+ Bd7 4. Bxd7+ Nxd7 5. O-O Ngf6 6. Re1 e6 7. c4 Be7 8. Nc3 O-O 9. h3 a6 10. a4 Ne5 11. d3 Nfd7 12. Nxe5 dxe5 13. Be3 Nb8 14. a5 Nc6 15. Na4 Nd4 16. Bxd4 Qxd4 17. Qb3 Rab8 18. Qc3 Rfd8 19. Rad1 Rd6 20. Qxd4 Rxd4 21. Kf1 Rc8 22. Ke2 Bd8 1/2-1/2

[Event "74.Camp. Veneto Quarti di Finale"]
[Site "Correzzola (PD)"]
[Date "2014.05.09"]
[Round "1.19"]
[White "Gebbin, Andrea"]
[Black "Marangoni, Simone"]
[Result "0-1"]
[WhiteElo "1482"]
[BlackElo "1898"]
[Annotator "Gabriele Ballarin"]
[PlyCount "96"]
[EventDate "2014.05.09"]
[EventType "swiss"]
[EventRounds "5"]
[EventCountry "ITA"]

1. c4 g6 2. g3 Bg7 3. Bg2 Nf6 4. Nf3 O-O 5. O-O d6 6. Nc3 e5 7. d3 Nc6 8. Rb1 Bg4 9. h3 Bd7 10. Bg5 h6 11. Bd2 Nh7 12. Qc1 g5 13. Ne1 Rb8 14. b4 f5 15. b5 Nd4 16. Nc2 Nxc2 17. Qxc2 f4 18. g4 Nf6 19. Ne4 Nxe4 20. Bxe4 Qc8 21. f3 Bf6 22. Kg2 Kg7 23. a4 Rh8 24. Kf2 h5 25. Rh1 Rh6 26. Kg2 b6 27. Bc3 Be6 28. Rbc1 Qd7 29. Qb2 Qf7 30. Qd2 Rbh8 31. Ba1 Qd7 32. d4 Qf7 33. dxe5 dxe5 34. Qc2 hxg4 35. fxg4 Rd8 36. c5 bxc5 37. Qxc5 Rd2 38. Rhe1 Rh4 39. Bxe5 Bxg4 40. Bxf6+ Qxf6 41. Qxc7+ Rd7 42. Qc6 Bxh3+ 43. Kf2 Qd4+ 44. e3 fxe3+ 45. Rxe3 Rf7+ 46. Ke2 Bg4+ 47. Rf3 Bxf3+ 48. Bxf3 Rh2+ 0-1

[Event "74.Camp. Veneto Quarti di Finale"]
[Site "Correzzola (PD)"]
[Date "2014.05.09"]
[Round "1.20"]
[White "Rostolis, Riccardo"]
[Black "Levin, Nikolai"]
[Result "1-0"]
[WhiteElo "1872"]
[BlackElo "1464"]
[Annotator "Gabriele Ballarin"]
[PlyCount "41"]
[EventDate "2014.05.09"]
[EventType "swiss"]
[EventRounds "5"]
[EventCountry "ITA"]

1. e4 c5 2. Nf3 Nf6 3. Nc3 d6 4. d4 cxd4 5. Nxd4 a6 6. f4 e5 7. Nf3 Qa5 8. Bd3 Be7 9. O-O O-O 10. Qe1 exf4 11. Bxf4 Be6 12. Nd5 Qd8 13. Nxe7+ Qxe7 14. Bg5 Nbd7 15. Kh1 Rac8 16. e5 dxe5 17. Nxe5 Qd6 18. Bxf6 Nxf6 19. Rxf6 gxf6 20. Qg3+ Kh8 21. Nxf7+ 1-0

[Event "74.Camp. Veneto Quarti di Finale"]
[Site "Correzzola (PD)"]
[Date "2014.05.10"]
[Round "2.1"]
[White "Valsecchi, Alessio"]
[Black "Cardarelli, Angelo"]
[Result "1/2-1/2"]
[WhiteElo "2404"]
[BlackElo "2030"]
[Annotator "Gabriele Ballarin"]
[PlyCount "65"]
[EventDate "2014.05.09"]
[EventType "swiss"]
[EventRounds "5"]
[EventCountry "ITA"]

1. d4 Nf6 2. Nf3 e6 3. e3 b6 4. Bd3 Bb7 5. Nbd2 c5 6. c3 cxd4 7. exd4 Be7 8. O-O d6 9. Re1 O-O 10. a4 a6 11. Nf1 Nbd7 12. Ng3 Re8 13. Bc2 Qc7 14. Bg5 Bd5 15. Nd2 Qb7 16. Bxf6 Nxf6 17. Nde4 Nxe4 18. Bxe4 Bxe4 19. Rxe4 Qd5 20. Qd3 b5 21. axb5 axb5 22. Rae1 Ra2 23. R4e2 Rc8 24. Nf1 Bf8 25. Qd1 Qc6 26. Ne3 d5 27. Qb1 Qa6 28. Ng4 b4 29. Re3 bxc3 30. bxc3 Ra8 31. Rh3 h6 32. Rg3 g5 33. Rge3 1/2-1/2

[Event "74.Camp. Veneto Quarti di Finale"]
[Site "Correzzola (PD)"]
[Date "2014.05.10"]
[Round "2.2"]
[White "Lodici, Lorenzo"]
[Black "Bonafede, Alessandro"]
[Result "0-1"]
[WhiteElo "2134"]
[BlackElo "2375"]
[Annotator "Gabriele Ballarin"]
[PlyCount "128"]
[EventDate "2014.05.09"]
[EventType "swiss"]
[EventRounds "5"]
[EventCountry "ITA"]

1. d4 f5 2. e4 fxe4 3. Nc3 Nf6 4. Bg5 Nc6 5. d5 Ne5 6. Qe2 Nf7 7. Bxf6 gxf6 8. O-O-O Bh6+ 9. Kb1 O-O 10. g4 c6 11. Qxe4 cxd5 12. Nxd5 e6 13. Ne3 d5 14. Qg2 Qb6 15. Bd3 Ne5 16. h4 Bg7 17. c3 Bd7 18. Ne2 Rac8 19. Ka1 Nxd3 20. Rxd3 Bb5 21. Rd2 Bxe2 22. Rxe2 d4 23. cxd4 Qxd4 24. Qf1 Rc5 25. Qd1 Rfc8 26. a3 Qe4 27. Rhe1 h6 28. Rd2 Kh7 29. Rd7 Kh8 30. Rd8+ Rxd8 31. Qxd8+ Kh7 32. h5 f5 33. g5 hxg5 34. Qxg5 Rc8 35. Qg6+ Kh8 36. Rg1 Qd4 37. Nc4 Qf6 38. h6 Qxg6 39. Rxg6 Bd4 40. Nd6 Rc1+ 41. Ka2 Re1 42. Nb5 Bxf2 43. Rg7 Be3 44. Rxb7 Bxh6 45. Rxa7 f4 46. a4 Kg8 47. Nd4 Bg7 48. Nf3 Re3 49. Ng5 f3 50. Ra8+ Bf8 51. Nh7 Kxh7 52. Rxf8 Kg7 53. Rf4 e5 54. Rf5 Kg6 55. Rf8 Kg7 56. Rf5 Kg6 57. Rf8 Rd3 58. Kb1 e4 59. a5 Rd5 60. Kc2 Rxa5 61. Kd2 Rf5 62. Rg8+ Kf6 63. Rg1 Rb5 64. Rg8 Rxb2+ 0-1

[Event "74.Camp. Veneto Quarti di Finale"]
[Site "Correzzola (PD)"]
[Date "2014.05.10"]
[Round "2.3"]
[White "Pegoraro, Nicola"]
[Black "Basso, Pier Luigi"]
[Result "0-1"]
[WhiteElo "1999"]
[BlackElo "2316"]
[Annotator "Gabriele Ballarin"]
[PlyCount "56"]
[EventDate "2014.05.09"]
[EventType "swiss"]
[EventRounds "5"]
[EventCountry "ITA"]

1. e4 c5 2. Nf3 d6 3. d4 Nf6 4. Nc3 cxd4 5. Nxd4 a6 6. Be2 e5 7. Nb3 Be7 8. Be3 Be6 9. O-O O-O 10. f4 exf4 11. Bxf4 Nc6 12. Kh1 Ne8 13. Nd5 Bxd5 14. exd5 Ne5 15. Nd4 Ng6 16. Bg3 Bh4 17. Bxh4 Qxh4 18. Nf5 Qg5 19. Qd4 Ne5 20. h4 Qd8 21. Rf4 g6 22. Ng3 Rc8 23. c4 f5 24. b4 Nf6 25. Raf1 Nfg4 26. Bxg4 Rxc4 27. Qe3 Nxg4 28. Rxg4 Rxg4 0-1

[Event "74.Camp. Veneto Quarti di Finale"]
[Site "Correzzola (PD)"]
[Date "2014.05.10"]
[Round "2.4"]
[White "Xia, Jie"]
[Black "Rigo, Gianfrancesco"]
[Result "1-0"]
[WhiteElo "2303"]
[BlackElo "1991"]
[Annotator "Gabriele Ballarin"]
[PlyCount "67"]
[EventDate "2014.05.09"]
[EventType "swiss"]
[EventRounds "5"]
[EventCountry "ITA"]

1. d4 Nf6 2. Bg5 Ne4 3. Bf4 c5 4. f3 Nf6 5. d5 Qb6 6. e4 g6 7. Nd2 Bg7 8. Nc4 Qd8 9. d6 e6 10. a4 Nc6 11. Qd2 h6 12. Ne2 b6 13. Nc3 a6 14. Be3 Rb8 15. a5 b5 16. Nb6 Nxa5 17. Nxc8 Rxc8 18. Nxb5 axb5 19. Rxa5 c4 20. Qb4 Nxe4 21. fxe4 Qh4+ 22. Ke2 Qxe4 23. c3 f5 24. Kd2 f4 25. Bf2 f3 26. g4 Be5 27. Be3 f2 28. Qxb5 Bxd6 29. Ra7 Rh7 30. Qb7 Rc6 31. Qa8+ Ke7 32. Qg8 g5 33. Ra8 Rf7 34. Qd8# 1-0

[Event "74.Camp. Veneto Quarti di Finale"]
[Site "Correzzola (PD)"]
[Date "2014.05.10"]
[Round "2.5"]
[White "Litrico, Paolo"]
[Black "Guerra, Alessandro"]
[Result "0-1"]
[WhiteElo "1979"]
[BlackElo "2214"]
[Annotator "Gabriele Ballarin"]
[PlyCount "60"]
[EventDate "2014.05.09"]
[EventType "swiss"]
[EventRounds "5"]
[EventCountry "ITA"]

1. d4 Nf6 2. Nf3 g6 3. Nc3 d5 4. Bf4 Bg7 5. e3 O-O 6. Be2 c5 7. Ne5 cxd4 8. exd4 Nc6 9. Nxc6 bxc6 10. Na4 Nd7 11. c3 e5 12. Be3 f5 13. f3 f4 14. Bf2 e4 15. fxe4 dxe4 16. Qb3+ Kh8 17. O-O-O Qg5 18. h4 Qxg2 19. Rdf1 f3 20. Bc4 Bh6+ 21. Kb1 e3 22. Rhg1 exf2 23. Rxg2 fxg2 24. Qd1 Be3 25. Qe2 g1=Q 26. Qxe3 Qg4 27. Nc5 Qf4 28. Qe7 Nxc5 29. Qxc5 Bf5+ 30. Ka1 Bh3 0-1

[Event "74.Camp. Veneto Quarti di Finale"]
[Site "Correzzola (PD)"]
[Date "2014.05.10"]
[Round "2.6"]
[White "De Bortoli, Peter"]
[Black "Zamengo, Bruno"]
[Result "1/2-1/2"]
[WhiteElo "2183"]
[BlackElo "1949"]
[Annotator "Gabriele Ballarin"]
[PlyCount "134"]
[EventDate "2014.05.09"]
[EventType "swiss"]
[EventRounds "5"]
[EventCountry "ITA"]

1. a3 Nf6 2. b4 a5 3. b5 a4 4. c4 g6 5. Nc3 Bg7 6. Nxa4 c6 7. Nc3 d5 8. e3 Be6 9. cxd5 Nxd5 10. Bb2 O-O 11. d4 c5 12. Nge2 Nd7 13. Qd2 Nxc3 14. Bxc3 Bc4 15. d5 Nf6 16. Qb2 Bxd5 17. Nf4 Be4 18. f3 Bf5 19. Rd1 Qb6 20. g4 e5 21. gxf5 exf4 22. fxg6 Qe6 23. gxh7+ Kh8 24. e4 Ne8 25. Rg1 f6 26. Rd5 Nd6 27. Kf2 b6 28. Qd2 Nf7 29. Bc4 Qh3 30. Qxf4 Ne5 31. Bf1 Qxh7 32. Bxe5 fxe5 33. Qg4 Rxa3 34. Be2 Qxh2+ 35. Rg2 Qh6 36. Rd6 Qe3+ 37. Kg3 Qf4+ 38. Qxf4 exf4+ 39. Kg4 Bd4 40. Rh6+ Kg7 41. Kh5+ Kf7 42. Bc4+ Ke7 43. Rgg6 Rxf3 44. Rh7+ Ke8 45. Re6+ Kd8 46. Rd6+ Ke8 47. Be6 Rg3 48. Rxb6 Rg7 49. Rxg7 Bxg7 50. Rb8+ Ke7 51. Rxf8 Kxf8 52. Kg4 Ke7 53. Kf5 f3 54. e5 f2 55. Bc4 Kd7 56. Bf1 Bf8 57. Kf6 Be7+ 58. Kf7 Bh4 59. Bh3+ Kd8 60. Bf1 Kd7 61. Bc4 Bg5 62. Kg6 Bh4 63. Kf5 Bd8 64. Ke4 Bc7 65. Kd5 Ke7 66. e6 Bb8 67. b6 Bd6 1/2-1/2

[Event "74.Camp. Veneto Quarti di Finale"]
[Site "Correzzola (PD)"]
[Date "2014.05.10"]
[Round "2.7"]
[White "Giuriato, Sergio"]
[Black "Boraso, Alessio"]
[Result "0-1"]
[WhiteElo "1946"]
[BlackElo "2159"]
[Annotator "Gabriele Ballarin"]
[PlyCount "84"]
[EventDate "2014.05.09"]
[EventType "swiss"]
[EventRounds "5"]
[EventCountry "ITA"]

1. d4 Nf6 2. c4 c5 3. d5 e6 4. Nc3 exd5 5. cxd5 d6 6. Nf3 g6 7. g3 Bg7 8. Bg2 O-O 9. O-O a6 10. a4 Re8 11. Nd2 Nbd7 12. h3 Rb8 13. Nc4 Nb6 14. Na3 Bd7 15. e4 Qc7 16. Re1 Nc8 17. Qd3 Na7 18. Nc4 b5 19. axb5 Nxb5 20. Nxb5 Bxb5 21. Ra3 Nd7 22. b3 Ne5 23. Qc2 Bxc4 24. bxc4 Rb4 25. Bf1 $11 Qb7 26. Kg2 Nd7 27. Ree3 Bd4 28. Reb3 Rb8 29. Rxb4 cxb4 30. Rd3 b3 31. Qb1 Bg7 32. Ba3 Qb6 33. f4 b2 34. e5 dxe5 35. f5 e4 36. Rd1 Qb3 37. fxg6 Qf3+ 38. Kh2 Bd4 39. gxf7+ Kh8 40. Bg2 Qxa3 41. f8=Q+ Rxf8 42. Qxe4 Qxg3+ 0-1